=LDR 00000nam 2200000 4500 =001 INLIS000000000035826 =005 20130612141644 =008 ***********************************Ind** =035 ##$$0010-061300000035826 =041 ##$$a Ind =082 ##$$a 028.5 =090 ##$$a 028.5, Gym b =100 ##$$a Aa Gym =245 ##$$a Berani karena benar, Beceritra bersama, Abdullah Gumnastiar =260 ##$$a 2003 $b Bandung =300 ##$$a 37 hlm., ilus.; 23 cm =650 ##$$a Bacaan Kanak-kanak =850 ##$$a NBPNMAT